Statistics for Boston Celtics NBA Titles

Click here to take the quiz!

General Stats

  • This quiz has been taken 108 times
  • The average score is 11 of 17

Answer Stats

Hint Answer % Correct
2008Boston won series 4-2Los Angeles Lakers
96%
1984Boston won series 4-3Los Angeles Lakers
84%
1962Boston won series 4-3Los Angeles Lakers
82%
1963Boston won series 4-2Los Angeles Lakers
82%
1968Boston won series 4-2Los Angeles Lakers
82%
1965Boston won series 4-1Los Angeles Lakers
81%
1969Boston won series 4-3Los Angeles Lakers
79%
1966Boston won series 4-3Los Angeles Lakers
79%
1959Boston won series 4-0Minneapolis Lakers
69%
1986Boston won series 4-2Houston Rockets
58%
1981Boston won series 4-2Houston Rockets
56%
1957Boston won series 4-3St. Louis Hawks
53%
1961Boston won series 4-1St. Louis Hawks
44%
1960Boston won series 4-3St. Louis Hawks
44%
1976Boston won series 4-2Phoenix Suns
42%
1964Boston won series 4-1San Francisco Warriors
39%
1974Boston won series 4-3Milwaukee Bucks
38%

Score Distribution

Percentile by Number Answered

Percent of People with Each Score

Your Score History

You have not taken this quiz